MARC

LEADER 00000nam0a2200000 4500
001 32365
005 20231101210106.0
010 |a 5229007109 
035 |a (RuTPU)RU\TPU\book\32661 
035 |a BOOK00000011 
090 |a 32365 
100 |a 20011210d1993 m y0rusy50 ca 
101 0 |a rus 
102 |a RU 
105 |a a j 000zy 
200 1 |a Теплотехника и теплоэнергетика металлургического производства  |e сборник задач: учебное пособие для вузов  |f под ред. И. А. Прибыткова 
210 |a Москва  |c Металлургия  |d 1993 
215 |a 336 с.  |c ил. 
606 1 |a Металлургическая теплотехника  |2 stltpush  |3 (RuTPU)RU\TPU\subj\73963  |9 86610 
610 1 |a металлургия 
610 1 |a металлургические предприятия 
610 1 |a теплоэнергетика 
610 1 |a теплообмен 
610 1 |a топливо 
610 1 |a горение 
610 1 |a печи 
610 1 |a теория 
610 1 |a задачи 
610 1 |a решения 
610 1 |a практические пособия 
610 1 |a учебные пособия 
675 |a 669.04(076)  |v 3 
702 1 |a Прибытков  |b И. А.  |g Иван Алексеевич  |4 340 
801 0 |a RU  |b 63413507  |c 20011210  |g PSBO 
801 2 |a RU  |b 63413507  |c 20201105  |g PSBO 
942 |c BK